000 00306nam a2200121Ia 4500
008 231129s2000||||xx |||||||||||||| ||spa||
040 _bspa
082 _a923.1 E59
245 0 _aEnsayos polí­ticos acerca de Simón Bolí­var
260 _c2000
264 _aEdiciones Anfictiónicas
942 _2ddc
_cBKS
999 _c13147
_d13147